Normal view
MARC view
- Sup Mumammad Kaleem.
Entry Personal Name
001 - CONTROL NUMBER
- control field: 30689
003 - CONTROL NUMBER IDENTIFIER
- control field: NUST
005 - DATE AND TIME OF LATEST TRANSACTION
- control field: 20200923152216.0
008 - FIXED-LENGTH DATA ELEMENTS
- fixed length control field: 200923|| aca||aabn | a|a d
040 ## - CATALOGING SOURCE
- Original cataloging agency: NUST
- Transcribing agency: NUST
100 ## - HEADING--PERSONAL NAME
- Personal name: Sup Mumammad Kaleem.
670 ## - SOURCE DATA FOUND
- Source citation: Work cat.: (NUST): Anwar, Rabia 28212, A Comparison of Osteosynthetic Titanium Imprted bone Plates with Indigenous Bone Plates Used in Maxillofacial Surgery /, 2014.
